000 00312nam a2200121Ia 4500
008 191201s2017 xx 000 0 und d
100 _aGUPTA, Neeti
245 0 _aPrinciples of Production Management BBA 5th Semester
260 _aN. Delhi
_bKalyani Pub
_c2017
300 _a257
650 _aBBA
942 _2ddc
_cBK
999 _c6702
_d6702